[Event "EYCC Open-U16 2019"]
[Site "Bratislava"]
[Date "2019.08.10"]
[Round "9.30"]
[White "Vitenberg, Noam Aviv"]
[Black "Minko, Dmitry"]
[Result "0-1"]
[WhiteElo "2300"]
[BlackElo "2061"]
[Annotator "RC"]
[PlyCount "92"]
[EventDate "2019.08.02"]
[EventType "swiss"]
[EventCountry "SVK"]
[SourceTitle "playchess.com"]
[Source "ChessBase"]
[SourceQuality "1"]
[TimeControl "40/5400+30:1800+30"]

1. d4 {[%emt 0:00:00]} d5 {[%emt 0:00:00]} 2. c4 {[%emt 0:00:00]} e6 {[%emt 0:00:00]} 3. Nc3 {[%emt 0:00:01]} Be7 {[%emt 0:00:00]} 4. cxd5 {[%emt 0:00:33]} exd5 {[%emt 0:00:02]} 5. Bf4 {[%emt 0:00:09]} Nf6 {[%emt 0:01:07]} 6. e3 {[%emt 0:00:19]} c6 {[%emt 0:00:06]} 7. Bd3 {[%emt 0:01:18]} Bg4 {[%emt 0:01:29]} 8. f3 {[%emt 0:07:09]} Bh5 {[%emt 0:00:07]} 9. Nge2 {[%emt 0:00:57]} Bg6 {[%emt 0:00:10]} 10. e4 {[%emt 0:08:25]} dxe4 {[%emt 0:02:05]} 11. fxe4 {[%emt 0:05:50]} O-O {[%emt 0:00:40]} 12. O-O {[%emt 0:01:25]} Na6 {[%emt 0:01:05]} 13. Bxa6 {[%emt 0:11:10]} bxa6 {[%emt 0:00:07]} 14. Ng3 {[%emt 0:03:43]} Re8 {[%emt 0:07:34]} 15. Rc1 {[%emt 0:07:07]} Qb6 {[%emt 0:02:57]} 16. Rf2 {[%emt 0:12:55]} Rad8 {[%emt 0:07:39]} 17. Be5 {[%emt 0:06:50]} Bc5 {[%emt 0:13:05]} 18. Nd5 {[%emt 0:18:21]} Nxd5 {[%emt 0:19:05]} 19. dxc5 {[%emt 0:00:35]} Qa5 {[%emt 0:04:21]} 20. Bd6 {[%emt 0:03:26]} Bxe4 {[%emt 0:01:32]} 21. a3 {[%emt 0:01:55]} Bg6 {[%emt 0:00:50]} 22. h4 {[%emt 0:00:59]} h5 {[%emt 0:10:33]} 23. Nxh5 {[%emt 0:02:59]} Re4 {[%emt 0:00:13]} 24. Ng3 {[%emt 0:01:50]} Rxh4 {[%emt 0:02:23]} 25. b4 {[%emt 0:02:21]} Qxa3 {[%emt 0:00:22]} 26. Rf3 {[%emt 0:01:43]} Qxb4 {[%emt 0:02:05]} 27. Be7 {[%emt 0:00:29]} Rd4 {[%emt 0:00:23]} 28. Bxd8 {[%emt 0:00:28]} Rxd1+ {[%emt 0:00:06]} 29. Rxd1 {[%emt 0:00:04]} Qxc5+ {[%emt 0:00:06]} 30. Kh1 {[%emt 0:01:12]} a5 {[%emt 0:05:25]} 31. Re1 {[%emt 0:00:23]} f6 {[%emt 0:00:48]} 32. Nf5 {[%emt 0:00:39]} Qb4 {[%emt 0:01:48]} 33. Ne7+ {[%emt 0:00:38]} Kf7 {[%emt 0:00:07]} 34. Re5 {[%emt 0:00:34]} Qh4+ {[%emt 0:00:35]} 35. Rh3 {[%emt 0:00:25]} Qd4 {[%emt 0:03:17]} 36. Re1 {[%emt 0:00:32]} Qd2 {[%emt 0:00:29]} 37. Rf1 {[%emt 0:00:34]} Be4 {[%emt 0:01:00]} 38. Rg3 {[%emt 0:00:21]} Nf4 {[%emt 0:01:17]} 39. Bxa5 {[%emt 0:00:25]} Qxa5 {[%emt 0:05:43]} 40. Rxf4 {[%emt 0:00:00]} Qe1+ {[%emt 0:00:00]} 41. Kh2 {[%emt 0:00:58]} Kxe7 {[%emt 0:01:41]} 42. Rxg7+ {[%emt 0:01:33]} Ke6 {[%emt 0:00:09]} 43. Rg8 {[%emt 0:07:05]} f5 {[%emt 0:01:40]} 44. Re8+ {[%emt 0:04:17]} Kf6 {[%emt 0:00:17]} 45. Rf3 {[%emt 0:03:12]} Qe2 {[%emt 0:00:33]} 46. Rg3 {[%emt 0:00:46]} Qh5+ {[%emt 0:00:09]} 0-1

[Event "EYCC Open-U16 2019"]
[Site "Bratislava"]
[Date "2019.08.10"]
[Round "9.31"]
[White "Bacrot, Alexandre"]
[Black "Sismeiro, Miguel"]
[Result "1/2-1/2"]
[WhiteElo "2265"]
[BlackElo "2103"]
[Annotator "TA"]
[PlyCount "90"]
[EventDate "2019.08.02"]
[EventType "swiss"]
[EventCountry "SVK"]
[SourceTitle "playchess.com"]
[Source "ChessBase"]
[SourceQuality "1"]

{[%evp 9,90,20,29,19,31,14,49,53,69,78,67,68,66,75,72,56,55,49,81,75,71,62,84,72,89,100,109,55,54,43,50,49,75,32,30,42,35,40,38,33,36,28,28,0,4,0,0,0,14,8,10,8,8,0,0,0,0,0,63,0,0,0,0,0,0,0,0,0,0,0,0,0,0,0,1031,0,0,0,30,8,1000,803,181]} 1. d4 Nf6 2. Nf3 g6 3. Nbd2 d5 4. b4 Bg7 5. e3 O-O 6. Be2 {D02: 1 d4 d5 2 Nf3 sidelines, including 2...Nf6 3 g3 and 2...Nf6 3 Bf4} (6. Bb2 c6 7. c4 Nbd7 8. a4 Ne4 9. cxd5 Nxd2 10. Qxd2 cxd5 11. Bd3 Nf6 12. O-O Ne4 13. Qe2 Nd6 14. Rfc1 Bf5 15. Bxf5 gxf5 {1-0 (47) Sargissian,G (2689)-Kovalev,V (2683) St Petersburg 2018}) 6... c6 7. a4 Nfd7 $146 ({Predecessor:} 7... Bf5 8. c4 Ne4 9. Bb2 dxc4 10. Bxc4 Nd7 11. g4 Nxd2 12. Nxd2 Nb6 13. Bb3 {1-0 (40) Gajic,M (2300)-Iglesias,J (2291) Benidorm 2017}) 8. Bb2 {White is slightly better.} Qc7 9. c4 e5 10. cxd5 cxd5 11. dxe5 Nxe5 12. Nxe5 Bxe5 13. Rc1 Qe7 14. Bxe5 Qxe5 15. O-O Qe7 16. b5 Nd7 17. Nf3 Nf6 18. Nd4 ({White should play} 18. Qd4 $16) 18... Be6 19. Bf3 Rac8 20. Qb3 Qd7 21. a5 Rxc1 22. Rxc1 Rc8 23. Qb2 Rxc1+ 24. Qxc1 Qc8 25. Qb2 Bg4 26. Bxg4 Nxg4 27. h3 Ne5 28. Ne2 Nc4 29. Qd4 Nxa5 30. Qxa7 Nb3 $1 31. b6 Kg7 32. Qa2 Qc4 33. Qb2+ f6 (33... Kg8 $11) 34. Nd4 ({Better is} 34. Nf4 $14) 34... Nxd4 $11 35. exd4 {[%mdl 4096] Endgame KQ-KQ} Kf7 36. h4 Ke6 37. g3 Kd7 38. Qd2 {Threatening Qh6.} Kc6 39. Qf4 {Hoping for Qc7+.} Kxb6 40. Qxf6+ Qc6 41. Qe7 Qc7 $2 {[%mdl 8192] [#]} (41... h5 $11) 42. Qb4+ $2 ({White must play} 42. Qxc7+ $1 $18 Kxc7 43. Kf1) 42... Ka6 43. Qa3+ Kb5 44. Qb3+ Kc6 $2 {[%mdl 8192]} (44... Ka6 $11) 45. Qc3+ Kb6 {Accuracy: White = 68%, Black = 53%.} 1/2-1/2

[Event "EYCC Open-U16 2019"]
[Site "Bratislava"]
[Date "2019.08.10"]
[Round "9.32"]
[White "Jazdanovs, Aleksandrs"]
[Black "Redzisz, Michal"]
[Result "1-0"]
[WhiteElo "2238"]
[BlackElo "2054"]
[Annotator "TA"]
[PlyCount "55"]
[EventDate "2019.08.02"]
[EventType "swiss"]
[EventCountry "SVK"]
[SourceTitle "playchess.com"]
[Source "ChessBase"]
[SourceQuality "1"]

{[%evp 22,55,18,0,85,73,79,83,78,76,97,88,77,17,62,60,135,129,172,160,189,154,155,146,152,136,216,247,228,241,260,261,952,942,914,881]} 1. e4 c6 2. d4 d5 3. Nc3 dxe4 4. Nxe4 Bf5 5. Ng3 Bg6 6. h4 h6 7. h5 Bh7 8. Nf3 Nd7 9. Bd3 Bxd3 10. Qxd3 e6 11. Bd2 Ngf6 12. O-O-O c5 {[#] B19: Classical Caro-Kann: 4...Bf5 main line} (12... a5 $11 {keeps the balance.}) (12... a5 13. Nf1 a4 14. Ne3 Be7 15. g4 Nd5 16. c4 Nxe3 17. Bxe3 Qa5 18. Qc2 O-O-O 19. Kb1 Kb8 20. Bf4+ {½-½ (53) Anand,V (2773)-Karjakin,S (2753) Kolkata 2018}) 13. Rhe1 $1 $16 Be7 {[#]} 14. d5 $1 {[%cal Rd5e6]} Nxd5 {[#]White is better.} 15. Nf5 $1 {[%mdl 512]} Kf8 (15... exf5 16. Qxd5) 16. Nxe7 Qxe7 17. Qb5 $146 ({Better is} 17. c4 $16 N5f6 18. Bc3) ({Predecessor:} 17. c4 N5b6 18. Bf4 Qf6 19. Bg3 Kg8 20. Qe4 {1-0 (40) Schoene,M-Reschke,T (2161) Frankfurt 2002}) 17... N7b6 18. c4 $36 {[%mdl 3072] White has compensation. White has some pressure.} Nc7 ({Black should try} 18... Nf6 $1 $14) 19. Qb3 Rd8 20. Bf4 Ne8 21. a4 Nd6 22. Qd3 {[%cal Rf4d6]} Nbc8 ({But not} 22... Nbxc4 $6 23. g3 $14) 23. g4 Ke8 (23... Kg8 $16 {might work better.}) 24. Bg3 $18 Qd7 25. b3 f6 26. Nh4 Rf8 $2 (26... Kf7 27. Re3 b6) 27. Qg6+ Rf7 28. Nf5 {Accuracy: White = 87%, Black = 28%.} 1-0

[Event "EYCC Open-U16 2019"]
[Site "Bratislava"]
[Date "2019.08.10"]
[Round "9.33"]
[White "Lomandong, Marc-Antoine"]
[Black "Briem, Stephan"]
[Result "1/2-1/2"]
[WhiteElo "2073"]
[BlackElo "2223"]
[Annotator "TA"]
[PlyCount "52"]
[EventDate "2019.08.02"]
[EventType "swiss"]
[EventCountry "SVK"]
[SourceTitle "playchess.com"]
[Source "ChessBase"]
[SourceQuality "1"]

{[%evp 11,52,-1,8,0,22,10,32,28,58,58,110,108,78,95,86,66,69,64,78,72,62,20,22,0,0,0,2,4,4,6,10,0,8,4,7,2,14,13,23,14,16,0,0]} 1. d4 Nf6 2. Bf4 d5 3. e3 c5 4. c3 Nc6 5. Nd2 Bf5 6. Ngf3 e6 7. Be2 {D00: 1 d4 d5: Unusual lines} h6 (7... Bd6 8. dxc5 Bxc5 9. Nd4 Bg6 10. Qa4 O-O 11. Nxc6 bxc6 12. Qxc6 Rc8 13. Qa4 Re8 14. O-O e5 {0-1 (57) Le,Q (2737)-Ding,L (2777) Riadh 2017}) 8. Qb3 Qc8 9. c4 $146 {White is slightly better.} ({Predecessor:} 9. h3 Be7 10. a4 O-O 11. O-O b6 12. Rfc1 c4 13. Qd1 a6 14. b4 b5 {1-0 (46) Ipatov,A (2648)-Wagner,D (2571) Drancy 2016}) 9... cxd4 10. Nxd4 Bb4 ({Black should play} 10... Nxd4 $14 11. exd4 Be7) 11. Nxf5 $16 exf5 12. cxd5 Bxd2+ 13. Kxd2 Qd7 $1 14. Rhd1 {[#] Black must now prevent Ke1.} Qxd5+ 15. Qxd5 Nxd5 16. Bf3 (16. Bg3 {feels hotter.} Rd8 17. Ke1 Ke7 18. Rac1 Nf6 19. f3) 16... Nxf4 17. Bxc6+ (17. exf4 {with more complications.} Rd8+ 18. Ke3 Ke7 19. h4 Nb4 20. Rac1) 17... bxc6 18. exf4 $11 {[%mdl 4096] Endgame KRR-KRR} O-O-O+ 19. Kc3 Rhe8 20. Re1 Re4 21. g3 Rd7 22. Rad1 Rxd1 23. Rxd1 Re2 24. Rd2 Re1 25. h4 Kc7 26. Kd3 Ra1 {Accuracy: White = 42%, Black = 40%.} 1/2-1/2

[Event "EYCC Open-U16 2019"]
[Site "Bratislava"]
[Date "2019.08.10"]
[Round "9.34"]
[White "Vadila, Ondrej"]
[Black "Kochavi, Ori"]
[Result "1/2-1/2"]
[WhiteElo "2048"]
[BlackElo "2153"]
[Annotator "RC"]
[PlyCount "136"]
[EventDate "2019.08.02"]
[EventType "swiss"]
[EventCountry "SVK"]
[SourceTitle "playchess.com"]
[Source "ChessBase"]
[SourceQuality "1"]
[TimeControl "40/5400+30:1800+30"]

1. d4 {[%emt 0:00:00]} Nf6 {[%emt 0:00:00]} 2. Bf4 {[%emt 0:00:00]} d5 {[%emt 0:00:00]} 3. e3 {[%emt 0:00:00]} c5 {[%emt 0:00:17]} 4. c3 {[%emt 0:00:00]} Nc6 {[%emt 0:00:20]} 5. Nd2 {[%emt 0:00:07]} Bf5 {[%emt 0:00:38]} 6. Qb3 {[%emt 0:05:06]} Qb6 {[%emt 0:00:11]} 7. dxc5 {[%emt 0:04:15]} Qxb3 {[%emt 0:00:39]} 8. axb3 {[%emt 0:03:38]} e5 {[%emt 0:00:23]} 9. Bg3 {[%emt 0:00:05]} Bxc5 {[%emt 0:00:09]} 10. b4 {[%emt 0:04:41]} Bd6 {[%emt 0:00:06]} 11. Ngf3 {[%emt 0:01:03]} Nd7 {[%emt 0:02:01]} 12. Be2 {[%emt 0:17:22]} O-O {[%emt 0:11:03]} 13. O-O {[%emt 0:01:46]} f6 {[%emt 0:13:06]} 14. Ra2 {[%emt 0:11:56]} Bc7 {[%emt 0:01:24]} 15. Nd4 {[%emt 0:09:45]} Nxd4 {[%emt 0:10:08]} 16. exd4 {[%emt 0:06:03]} Rfc8 {[%emt 0:01:29]} 17. Nb3 {[%emt 0:03:20]} Re8 {[%emt 0:09:29]} 18. Bb5 {[%emt 0:10:04]} a6 {[%emt 0:08:39]} 19. Bxd7 {[%emt 0:05:31]} Bxd7 {[%emt 0:00:05]} 20. Rd1 {[%emt 0:00:28]} Bb5 {[%emt 0:02:27]} 21. dxe5 {[%emt 0:02:02]} fxe5 {[%emt 0:00:12]} 22. Nc5 {[%emt 0:01:13]} b6 {[%emt 0:03:58]} 23. Nd3 {[%emt 0:00:11]} Re7 {[%emt 0:12:10]} 24. b3 {[%emt 0:06:42]} Rae8 {[%emt 0:01:42]} 25. Ne1 {[%emt 0:00:43]} Rd7 {[%emt 0:04:46]} 26. Rad2 {[%emt 0:01:41]} Bc6 {[%emt 0:00:17]} 27. Nf3 {[%emt 0:00:49]} Bb7 {[%emt 0:02:13]} 28. Re1 {[%emt 0:01:09]} e4 {[%emt 0:02:59]} 29. Nd4 {[%emt 0:00:42]} Bd8 {[%emt 0:00:03]} 30. h4 {[%emt 0:01:29]} Bf6 {[%emt 0:00:09]} 31. Re3 {[%emt 0:00:56]} g6 {[%emt 0:02:06]} 32. Kh2 {[%emt 0:01:09]} Bg7 {[%emt 0:00:21]} 33. Bf4 {[%emt 0:00:08]} Bf6 {[%emt 0:04:14]} 34. g3 {[%emt 0:00:25]} Rf7 {[%emt 0:00:39]} 35. Ne2 {[%emt 0:00:58]} Kg7 {[%emt 0:00:50]} 36. c4 {[%emt 0:01:09]} h6 {[%emt 0:00:47]} 37. c5 {[%emt 0:00:53]} g5 {[%emt 0:01:41]} 38. hxg5 {[%emt 0:00:04]} hxg5 {[%emt 0:00:04]} 39. Bd6 {[%emt 0:00:07]} b5 {[%emt 0:00:30]} 40. Kg2 {[%emt 0:00:00]} Ra8 {[%emt 0:00:00]} 41. Nd4 {[%emt 0:12:19]} Bxd4 {[%emt 0:03:56]} 42. Rxd4 {[%emt 0:00:05]} a5 {[%emt 0:00:23]} 43. bxa5 {[%emt 0:04:26]} Rxa5 {[%emt 0:00:07]} 44. Rd2 {[%emt 0:01:33]} Kf6 {[%emt 0:01:38]} 45. f4 {[%emt 0:08:56]} gxf4 {[%emt 0:00:28]} 46. gxf4 {[%emt 0:00:34]} Rg7+ {[%emt 0:04:19]} 47. Kh2 {[%emt 0:00:43]} Rh7+ {[%emt 0:01:25]} 48. Kg2 {[%emt 0:01:37]} Ra8 {[%emt 0:01:11]} 49. Be5+ {[%emt 0:01:34]} Kf5 {[%emt 0:00:44]} 50. Rg3 {[%emt 0:00:33]} Rh6 {[%emt 0:06:46]} 51. Rg5+ {[%emt 0:01:34]} Ke6 {[%emt 0:00:06]} 52. Bg7 {[%emt 0:01:35]} Rh7 {[%emt 0:02:52]} 53. f5+ {[%emt 0:00:45]} Kf7 {[%emt 0:00:02]} 54. Bd4 {[%emt 0:00:33]} e3 {[%emt 0:07:15]} 55. Re2 {[%emt 0:00:41]} Re8 {[%emt 0:00:03]} 56. Rg6 {[%emt 0:01:17]} Re4 {[%emt 0:03:44]} 57. Rf6+ {[%emt 0:00:59]} Ke7 {[%emt 0:00:18]} 58. Re6+ {[%emt 0:01:03]} Rxe6 {[%emt 0:00:07]} 59. fxe6 {[%emt 0:00:05]} Rh4 {[%emt 0:00:20]} 60. Bxe3 {[%emt 0:00:42]} d4+ {[%emt 0:00:27]} 61. Kg3 {[%emt 0:00:05]} Re4 {[%emt 0:00:04]} 62. Bg5+ {[%emt 0:00:06]} Kxe6 {[%emt 0:00:12]} 63. Rxe4+ {[%emt 0:00:04]} Bxe4 {[%emt 0:00:17]} 64. Kf4 {[%emt 0:00:27]} Bc6 {[%emt 0:00:59]} 65. Bh6 {[%emt 0:00:34]} b4 {[%emt 0:01:22]} 66. Bg7 {[%emt 0:00:40]} Kd5 {[%emt 0:00:08]} 67. Bf8 {[%emt 0:00:04]} Bb5 {[%emt 0:00:08]} 68. c6 {[%emt 0:00:08]} Bxc6 1/2-1/2

[Event "EYCC Open-U16 2019"]
[Site "Bratislava"]
[Date "2019.08.10"]
[Round "9.35"]
[White "Novotny, Martin"]
[Black "Bukatin, Arseny"]
[Result "1/2-1/2"]
[WhiteElo "2178"]
[BlackElo "2016"]
[Annotator "TA"]
[PlyCount "82"]
[EventDate "2019.08.02"]
[EventType "swiss"]
[EventCountry "SVK"]
[SourceTitle "playchess.com"]
[Source "ChessBase"]
[SourceQuality "1"]

{[%evp 22,82,42,45,37,17,28,21,25,28,35,33,35,31,39,33,42,51,153,65,108,100,136,68,70,58,74,0,0,0,18,0,0,0,0,0,48,44,47,41,95,92,93,93,94,93,98,16,16,16,16,14,21,22,55,22,22,22,22,22,22,22,22]} 1. d4 d5 2. c4 e6 3. Nf3 Nf6 4. Nc3 Be7 5. Bf4 O-O 6. e3 c5 7. dxc5 Bxc5 8. cxd5 Nxd5 9. Nxd5 exd5 10. a3 Nc6 11. Bd3 Be7 12. O-O Bf6 $1 {D37: Queen's Gambit Declined: 5 Bf4} 13. Qc2 h6 14. h3 {[#]} Be6 $146 ({Predecessor:} 14... Qb6 15. Rab1 Be6 16. Qe2 Rfe8 17. Rfc1 {1-0 (68) Arencibia Rodriguez,W (2535)-Graf,A (2592) Turin 2006}) 15. Rac1 Rc8 16. Qe2 Qb6 17. b4 {[%cal Bb2b4,Bb4b5][%mdl 32]} Rfd8 18. Rfd1 a5 19. b5 Nb8 (19... Ne7 $14) 20. Nd4 (20. e4 $16) 20... Nd7 21. Nxe6 fxe6 22. Qg4 ({White should play} 22. Rxc8 $1 $16 Rxc8 23. e4) 22... Ne5 23. Bxe5 $1 Bxe5 24. e4 ({Better is} 24. Rxc8 $16 Rxc8 25. a4) 24... Rxc1 $11 25. Rxc1 Rf8 26. Rc2 Bd4 {[%cal Rd4f2]} 27. Qg3 dxe4 28. Bxe4 e5 29. a4 Kh8 30. Bf3 e4 (30... g6 $14) 31. Bxe4 $16 Qe6 32. Qd3 ({Don't go for} 32. Bxb7 $2 Qe1+ 33. Kh2 Be5 $1 $19 {[%mdl 512]}) 32... Qf6 {[%cal Rd4f2]} 33. Bf3 b6 {[#]} 34. Qe4 (34. g3 $1 $16) 34... Bc5 $11 35. Re2 Qa1+ 36. Re1 Qb2 37. Rf1 Qa2 38. Qg6 Qf7 {The position is equal.} 39. Qxf7 Rxf7 40. Re1 g5 41. Re6 Kg7 {Accuracy: White = 48%, Black = 55%.} 1/2-1/2

[Event "EYCC Open-U16 2019"]
[Site "Bratislava"]
[Date "2019.08.10"]
[Round "9.36"]
[White "Iliaguev, Daniel"]
[Black "Sargsyan, Sargis Vach."]
[Result "1/2-1/2"]
[WhiteElo "2053"]
[BlackElo "1923"]
[Annotator "NA RC"]
[PlyCount "267"]
[EventDate "2019.08.02"]
[EventType "swiss"]
[EventCountry "SVK"]
[SourceTitle "playchess.com"]
[Source "ChessBase"]
[SourceQuality "1"]
[TimeControl "40/5400+30:1800+30"]

1. g3 {[%emt 0:00:00]} Nf6 {[%emt 0:00:00]} 2. Bg2 {[%emt 0:00:00]} d5 {[%emt 0:00:00]} 3. Nf3 {[%emt 0:00:00]} c6 {[%emt 0:00:00]} 4. O-O {[%emt 0:00:00]} Bf5 {[%emt 0:00:00]} 5. d3 {[%emt 0:00:41]} h6 {[%emt 0:00:00]} 6. Nbd2 {[%emt 0:00:51]} e6 {[%emt 0:00:04]} 7. b3 {[%emt 0:00:45]} Be7 {[%emt 0:00:06]} 8. Bb2 {[%emt 0:00:07]} O-O {[%emt 0:00:05]} 9. Re1 {[%emt 0:00:16]} Bh7 {[%emt 0:01:01]} 10. e4 {[%emt 0:00:36]} Nbd7 {[%emt 0:01:11]} 11. Qe2 {[%emt 0:04:11]} dxe4 {[%emt 0:03:10]} 12. dxe4 {[%emt 0:01:55]} Qb6 {[%emt 0:01:07]} 13. e5 {[%emt 0:21:39]} Nd5 {[%emt 0:00:24]} 14. Ne4 {[%emt 0:00:06]} Bxe4 {[%emt 0:07:23]} 15. Qxe4 {[%emt 0:00:13]} Bb4 {[%emt 0:00:01]} 16. Rf1 {[%emt 0:03:49]} Bc3 {[%emt 0:01:54]} 17. Bxc3 {[%emt 0:01:35]} Nxc3 {[%emt 0:00:01]} 18. Qh4 {[%emt 0:01:11]} Rfd8 {[%emt 0:01:56]} 19. Rae1 {[%emt 0:00:37]} Nf8 {[%emt 0:02:20]} 20. Qc4 {[%emt 0:14:04]} Nb5 {[%emt 0:02:41]} 21. Re4 {[%emt 0:00:54]} Rd5 {[%emt 0:01:48]} 22. Rg4 {[%emt 0:02:21]} Rad8 {[%emt 0:01:16]} 23. Qf4 {[%emt 0:02:06]} Ng6 {[%emt 0:00:05]} 24. Rxg6 {[%emt 0:00:05]} fxg6 {[%emt 0:00:01]} 25. Qg4 {[%emt 0:07:37]} Nc7 {[%emt 0:16:25]} 26. Qxg6 {[%emt 0:05:44]} Rd1 {[%emt 0:05:41]} 27. g4 {[%emt 0:04:54]} Qb4 {[%emt 0:02:25]} 28. c4 {[%emt 0:05:44]} Qc3 {[%emt 0:03:53]} 29. Qe4 {[%emt 0:02:19]} Qd3 {[%emt 0:04:20]} 30. Ne1 {[%emt 0:04:25]} Qxe4 {[%emt 0:00:31]} 31. Bxe4 {[%emt 0:00:02]} R8d2 {[%emt 0:00:38]} 32. Nc2 {[%emt 0:00:25]} g5 {[%emt 0:02:04]} 33. Rxd1 {[%emt 0:02:54]} Rxd1+ {[%emt 0:00:08]} 34. Kg2 {[%emt 0:00:08]} a5 {[%emt 0:00:27]} 35. a3 {[%emt 0:05:02]} Kf7 {[%emt 0:02:16]} 36. Kf3 {[%emt 0:03:29]} Rb1 {[%emt 0:04:07]} 37. b4 {[%emt 0:00:08]} axb4 {[%emt 0:00:03]} 38. axb4 {[%emt 0:00:03]} Na6 {[%emt 0:00:37]} 39. b5 {[%emt 0:00:42]} cxb5 {[%emt 0:00:03]} 40. Nd4 {[%emt 0:00:00]} Rb2 {[%emt 0:00:00]} 41. Nxb5 {[%emt 0:09:19]} Nc5 {[%emt 0:03:13]} 42. Nd6+ {[%emt 0:00:04]} Ke7 {[%emt 0:00:10]} 43. Kg2 {[%emt 0:06:40]} b6 {[%emt 0:00:47]} 44. Nc8+ {[%emt 0:03:46]} Kf8 {[%emt 0:00:26]} 45. Bc6 {[%emt 0:00:08]} Nd3 {[%emt 0:00:38]} 46. Bb5 {[%emt 0:00:28]} Nxf2 {[%emt 0:00:42]} 47. Kf3 {[%emt 0:00:52]} Nd3 {[%emt 0:00:20]} 48. h3 {[%emt 0:05:42]} Rb3 {[%emt 0:01:46]} 49. Nxb6 {[%emt 0:00:02]} Nxe5+ {[%emt 0:00:08]} 50. Ke4 {[%emt 0:00:02]} Nf7 {[%emt 0:02:03]} 51. Nc8 {[%emt 0:01:07]} Rxh3 {[%emt 0:03:59]} 52. Bd7 {[%emt 0:03:20]} Nd8 {[%emt 0:00:52]} 53. Kd4 {[%emt 0:04:28]} Rg3 {[%emt 0:03:04]} 54. c5 {[%emt 0:00:01]} Rxg4+ {[%emt 0:00:08]} 55. Kc3 {[%emt 0:00:46]} h5 {[%emt 0:01:55]} 56. c6 {[%emt 0:00:11]} Nxc6 {[%emt 0:00:03]} 57. Bxc6 {[%emt 0:00:02]} h4 {[%emt 0:00:12]} 58. Nd6 {[%emt 0:01:48]} Rf4 {[%emt 0:00:41]} 59. Kd3 {[%emt 0:01:43]} Kg7 {[%emt 0:03:16]} 60. Ke3 {[%emt 0:00:11]} e5 {[%emt 0:00:28]} 61. Bd7 {[%emt 0:02:30]} Kf6 {[%emt 0:02:58]} 62. Ne4+ {[%emt 0:01:58]} Kg6 {[%emt 0:00:04]} 63. Nf2 {[%emt 0:00:15]} Rd4 {[%emt 0:01:56]} 64. Bg4 {[%emt 0:00:13]} Ra4 {[%emt 0:00:28]} 65. Kf3 {[%emt 0:01:34]} Ra3+ {[%emt 0:00:14]} 66. Ke4 {[%emt 0:01:00]} Rg3 {[%emt 0:02:05]} 67. Bd7 {[%emt 0:00:07]} Rg2 {[%emt 0:02:02]} 68. Kf3 {[%emt 0:02:22]} Rg1 {[%emt 0:00:13]} 69. Bg4 {[%emt 0:00:46]} Kh6 {[%emt 0:01:51]} 70. Bd7 {[%emt 0:00:11]} Kg6 {[%emt 0:00:10]} 71. Bg4 {[%emt 0:00:06]} Re1 {[%emt 0:00:08]} 72. Bh3 {[%emt 0:00:19]} Rg1 {[%emt 0:00:21]} 73. Bg4 {[%emt 0:00:17]} Rb1 {[%emt 0:00:00]} 74. Bd7 {[%emt 0:01:30]} Rb7 {[%emt 0:00:00]} 75. Bg4 {[%emt 0:00:26]} Rf7+ {[%emt 0:00:00]} 76. Ke3 {[%emt 0:00:18]} Rf4 {[%emt 0:00:00]} 77. Bd7 {[%emt 0:00:31]} Kf6 {[%emt 0:00:00]} 78. Bh3 {[%emt 0:00:55]} Kf7 {[%emt 0:01:15]} 79. Bg4 {[%emt 0:00:19]} Rd4 {[%emt 0:01:22]} 80. Bh3 {[%emt 0:00:05]} Kg6 {[%emt 0:00:11]} 81. Bg4 {[%emt 0:01:34]} Ra4 {[%emt 0:01:22]} 82. Bd7 {[%emt 0:00:33]} Rb4 {[%emt 0:00:15]} 83. Kf3 {[%emt 0:00:16]} Rb7 {[%emt 0:00:42]} 84. Bg4 {[%emt 0:00:40]} Rb3+ {[%emt 0:00:52]} 85. Ke4 {[%emt 0:00:15]} Rb4+ {[%emt 0:00:32]} 86. Ke3 {[%emt 0:00:34]} Rd4 {[%emt 0:00:31]} 87. Be6 {[%emt 0:00:43]} Rf4 {[%emt 0:00:22]} 88. Bd7 {[%emt 0:00:04]} Rb4 {[%emt 0:00:21]} 89. Be6 {[%emt 0:00:25]} Rb1 {[%emt 0:00:17]} 90. Bg4 {[%emt 0:00:40]} Re1+ {[%emt 0:00:10]} 91. Kd2 {[%emt 0:00:45]} Rg1 {[%emt 0:00:05]} 92. Ke3 {[%emt 0:00:06]} Kf6 {[%emt 0:00:04]} 93. Ne4+ {[%emt 0:00:16]} Ke7 {[%emt 0:00:03]} 94. Nf2 {[%emt 0:01:07]} Kd6 {[%emt 0:00:17]} 95. Bf5 {[%emt 0:00:48]} Kd5 {[%emt 0:00:20]} 96. Be4+ {[%emt 0:00:14]} Kc5 {[%emt 0:00:38]} 97. Bf5 {[%emt 0:00:07]} Re1+ {[%emt 0:00:08]} 98. Kd2 {[%emt 0:00:33]} Rf1 {[%emt 0:00:04]} 99. Ke3 {[%emt 0:00:37]} Re1+ {[%emt 0:00:19]} 100. Kd2 {[%emt 0:00:02]} Ra1 {[%emt 0:00:13]} 101. Ke3 {[%emt 0:01:13]} Ra4 {[%emt 0:01:02]} 102. Ne4+ {[%emt 0:00:07]} Kc6 {[%emt 0:00:16]} 103. Nxg5 {[%emt 0:00:30]} Rf4 {[%emt 0:00:10]} 104. Be4+ {[%emt 0:00:42]} Kd6 {[%emt 0:00:02]} 105. Bf3 {[%emt 0:00:24]} Ra4 {[%emt 0:00:12]} 106. Ne4+ {[%emt 0:00:12]} Ke7 {[%emt 0:00:04]} 107. Kf2 {[%emt 0:01:15]} Ra2+ {[%emt 0:00:06]} 108. Kg1 {[%emt 0:00:33]} Ke6 {[%emt 0:00:13]} 109. Bg4+ {[%emt 0:00:05]} Kf7 {[%emt 0:00:09]} 110. Bh3 {[%emt 0:00:50]} Rb2 {[%emt 0:00:20]} 111. Bf5 {[%emt 0:00:14]} Kg7 {[%emt 0:00:09]} 112. Kh1 {[%emt 0:00:46]} Kf7 {[%emt 0:00:16]} 113. Kg1 {[%emt 0:00:06]} Ke7 {[%emt 0:00:05]} 114. Kh1 {[%emt 0:00:35]} Kf7 {[%emt 0:00:11]} 115. Kg1 {[%emt 0:00:38]} Kg7 {[%emt 0:00:03]} 116. Kh1 {[%emt 0:00:06]} Kh6 {[%emt 0:00:03]} 117. Bg4 {[%emt 0:00:32]} Kg6 {[%emt 0:00:04]} 118. Kg1 {[%emt 0:00:34]} Rb4 {[%emt 0:00:04]} 119. Bf3 {[%emt 0:00:18]} Kf5 {[%emt 0:00:04]} 120. Nf2 {[%emt 0:00:26]} Rb1+ {[%emt 0:00:13]} 121. Kg2 {[%emt 0:00:08]} Rb2 {[%emt 0:00:02]} 122. Kg1 {[%emt 0:00:37]} Ra2 {[%emt 0:00:24]} 123. Bd5 {[%emt 0:00:45]} Rd2 {[%emt 0:00:14]} 124. Bc6 {[%emt 0:00:52]} Kf4 {[%emt 0:00:04]} 125. Bb7 {[%emt 0:00:23]} h3 {[%emt 0:00:46]} 126. Ne4 {[%emt 0:00:37]} Rb2 {[%emt 0:00:59]} 127. Bc6 {[%emt 0:00:16]} Re2 {[%emt 0:00:40]} 128. Nf6 {[%emt 0:01:02]} h2+ {[%emt 0:02:14]} 129. Kh1 {[%emt 0:00:02]} Kg5 {[%emt 0:00:35]} 130. Ne4+ {[%emt 0:00:46]} Kh4 {[%emt 0:00:10]} 131. Nf6 {[%emt 0:00:39]} Rd2 {[%emt 0:00:43]} 132. Bg2 {[%emt 0:00:12]} Rf2 {[%emt 0:00:27]} 133. Ne4 {[%emt 0:00:14]} Rxg2 {[%emt 0:00:04]} 134. Kxg2 {[%emt 0:00:04]} 1/2-1/2